|
|
|
|
| LEADER |
01782nam a22003257a 4500 |
| 001 |
35815 |
| 003 |
BD-DhAAL |
| 008 |
211102r20031985bg ||||| bi|| 001 0 ben d |
| 999 |
|
|
|c 43310
|d 43310
|
| 020 |
|
|
|a 9844015235
|
| 040 |
|
|
|a BD-DhAAL
|
| 041 |
|
|
|a ben
|
| 082 |
|
|
|a 306.4495492
|
| 100 |
|
|
|a আলহেলাল, বশীর
|9 42330
|
| 245 |
|
|
|a ভাষা-আন্দোলনের ইতিহাস /
|c বশীর আলহেলাল
|
| 246 |
|
|
|a Bhasa andolaner itihas
|
| 246 |
|
|
|a History of the language movement
|
| 250 |
|
|
|a দ্বিতীয় মুদ্রণ
|
| 260 |
|
|
|a ঢাকা :
|b আগামী প্রাকাশনী,
|c ১৯৮৫ [দ্বিতীয় মুদ্রণ ২০০৩].
|
| 300 |
|
|
|a [উনিশ], ৮১১ পৃষ্ঠা ;
|b ২৩ সে.মি.
|
| 504 |
|
|
|a গ্রন্থপঞ্জিগত নির্দেশিকা (পৃষ্ঠা [৭৮৫]-৭৮৭) ও নির্ঘণ্ট অন্তর্ভুক্ত।
|
| 526 |
|
|
|a BIED
|
| 541 |
|
|
|a Complimentary copy from BIED, Donated By Akbar Ali Khan
|e 35815, 39012
|
| 650 |
|
|
|a Bengali language movement.
|9 42331
|
| 650 |
|
|
|a Bengali language
|x Political aspects
|z Bangladesh.
|9 42332
|
| 650 |
|
|
|a Bengali language
|x Political aspects.
|9 42333
|
| 852 |
|
|
|a Ayesha Abed Library
|c BIED Collection
|
| 942 |
|
|
|2 ddc
|c BK
|
| 952 |
|
|
|0 0
|1 0
|2 ddc
|4 0
|6 306_449549200000000_AL
|7 0
|9 69478
|a BRACUL
|b BRACUL
|c GEN
|d 2021-11-02
|e Complimentary copy from BIED
|l 0
|o 306.4495492 AL
|p 3010035815
|r 2021-11-02
|t 1
|w 2021-11-02
|y BK
|x Transferred from BIED to General Stacks
|
| 952 |
|
|
|0 0
|1 0
|2 ddc
|4 0
|6 306_449549200000000_AL
|7 1
|9 71200
|a BRACUL
|b BRACUL
|c AAKC
|d 2022-07-06
|e Donated by Akbar Ali Khan
|l 0
|o 306.4495492 AL
|p 3010039012
|r 2022-07-06
|t 2
|w 2022-07-06
|y BK
|